00395nam a2200121Ia 4500008004100000024004400041082001900085100006200104245001500166260002500181600003400206650003300240250506s9999 xx 000 0 und d a08B-015-TE, 08B-033-TE & 08B-058-TE a610.736072 JAW aSyed Muhammad Danish Jawaid, Izza Abdul Aziz & Tooba Khan 0aDB Advisor aKarachi:bUIT,c2008 aTelecommunication Engineering aBachelor of Engineering (BE)